Concise encyclopedia of robotics / (Record no. 342585)

000 -LEADER
fixed length control field 01270cam a22002894a 4500
001 - CONTROL NUMBER
control field 12885018
003 - CONTROL NUMBER IDENTIFIER
control field NUST
005 - DATE AND TIME OF LATEST TRANSACTION
control field 20180108131832.0
008 - FIXED-LENGTH DATA ELEMENTS--GENERAL INFORMATION
fixed length control field 020806s2003 nyua e 001 0 eng
010 ## - LIBRARY OF CONGRESS CONTROL NUMBER
LC control number 2002032000
020 ## - INTERNATIONAL STANDARD BOOK NUMBER
International Standard Book Number 0071410104
040 ## - CATALOGING SOURCE
Original cataloging agency DLC
Transcribing agency DLC
Modifying agency DLC
042 ## - AUTHENTICATION CODE
Authentication code pcc
050 00 - LIBRARY OF CONGRESS CALL NUMBER
Classification number TJ210.4
Item number .C65 2003
082 00 - DEWEY DECIMAL CLASSIFICATION NUMBER
Classification number 629.892
Edition number 21
245 00 - TITLE STATEMENT
Title Concise encyclopedia of robotics /
Statement of responsibility, etc. [edited by] Stan Gibilisco.
260 ## - PUBLICATION, DISTRIBUTION, ETC.
Place of publication, distribution, etc. New York :
Name of publisher, distributor, etc. McGraw-Hill,
Date of publication, distribution, etc. 2003.
300 ## - PHYSICAL DESCRIPTION
Extent xiii, 365 p. :
Other physical details ill. ;
Dimensions 23 cm.
500 ## - GENERAL NOTE
General note Includes index.
650 #0 - SUBJECT ADDED ENTRY--TOPICAL TERM
Topical term or geographic name entry element Robotics
Form subdivision Encyclopedias.
9 (RLIN) 8104
650 #0 - SUBJECT ADDED ENTRY--TOPICAL TERM
Topical term or geographic name entry element Artificial intelligence
Form subdivision Encyclopedias.
9 (RLIN) 8105
700 1# - ADDED ENTRY--PERSONAL NAME
Personal name Gibilisco, Stan.
9 (RLIN) 2372
856 42 - ELECTRONIC LOCATION AND ACCESS
Materials specified Contributor biographical information
Uniform Resource Identifier <a href="http://www.loc.gov/catdir/bios/mh041/2002032000.html">http://www.loc.gov/catdir/bios/mh041/2002032000.html</a>
856 41 - ELECTRONIC LOCATION AND ACCESS
Materials specified Table of contents
Uniform Resource Identifier <a href="http://www.loc.gov/catdir/toc/mh031/2002032000.html">http://www.loc.gov/catdir/toc/mh031/2002032000.html</a>
906 ## - LOCAL DATA ELEMENT F, LDF (RLIN)
a 7
b cbc
c orignew
d 1
e ocip
f 20
g y-gencatlg
942 ## - ADDED ENTRY ELEMENTS (KOHA)
Source of classification or shelving scheme
Koha item type Book
Holdings
Withdrawn status Lost status Source of classification or shelving scheme Damaged status Not for loan Collection code Permanent Location Current Location Shelving location Date acquired Source of acquisition Total Checkouts Full call number Barcode Date last seen Date last checked out Price effective from Koha item type
            Central Library (CL) Central Library (CL) General Stacks 01/08/2018 Book Field International 2 629.892 GIB SEECS013768 02/14/2026 07/25/2025 01/08/2018 Book
© 2023 Central Library, National University of Sciences and Technology. All Rights Reserved.